[Event "South Moravia Region-chT 2223"]
[Site "Czech Republic"]
[Date "2022.11.27"]
[Round "4.4"]
[White "Travnicek, Petr"]
[Black "Bocek, Tadeas"]
[Result "1-0"]
[WhiteElo "2073"]
[BlackElo "1792"]
[PlyCount "67"]
[EventDate "2022.10.09"]
[EventType "team-tourn"]
[EventRounds "11"]
[EventCountry "CZE"]
[SourceTitle "EXT 2024"]
[Source "ChessBase"]
[SourceDate "2023.10.10"]
[SourceVersion "1"]
[SourceVersionDate "2023.10.10"]
[SourceQuality "1"]

1. d4 e6 2. c4 d5 3. Nc3 Nf6 4. Bg5 Be7 5. e3 h6 6. Bxf6 Bxf6 7. Nf3 0-0 8. Qc2 b6 9. cxd5 exd5 10. Bd3 Bb7 11. 0-0 Nd7 12. Qb3 c6 13. Rac1 Qe7 14. a4 Rfd8 15. a5 c5 16. Nxd5 Bxd5 17. Qxd5 Ne5 18. Qe4 Nxf3+ 19. gxf3 Qxe4 20. Bxe4 Rab8 21. dxc5 Bxb2 22. Rc4 bxa5 23. c6 Rbc8 24. Rb1 Be5 25. Rb7 Rc7 26. f4 Rd1+ 27. Kg2 Bd6 28. Rb8+ Bf8 29. Ra4 f5 30. Bc2 Rd2 31. Bb3+ Kh7 32. Rxf8 Rxc6 33. Rxa5 Rb6 34. Ra2 1-0

[Event "South Moravia Region-chT 2223"]
[Site "Czech Republic"]
[Date "2022.11.13"]
[Round "3.4"]
[White "Moc, Roman"]
[Black "Travnicek, Petr"]
[Result "1-0"]
[WhiteElo "1912"]
[BlackElo "2073"]
[PlyCount "91"]
[EventDate "2022.10.09"]
[EventType "team-tourn"]
[EventRounds "11"]
[EventCountry "CZE"]
[SourceTitle "EXT 2024"]
[Source "ChessBase"]
[SourceDate "2023.10.10"]
[SourceVersion "1"]
[SourceVersionDate "2023.10.10"]
[SourceQuality "1"]

1. d4 Nf6 2. c4 g6 3. Nc3 Bg7 4. Nf3 0-0 5. g3 d6 6. Bg2 c5 7. d5 Na6 8. 0-0 Nc7 9. e4 a6 10. a4 Rb8 11. a5 b5 12. axb6 Rxb6 13. Qc2 Bd7 14. Re1 Qb8 15. Ra3 Rb4 16. Nd2 Ng4 17. h3 Nh6 18. Nd1 f5 19. f3 fxe4 20. fxe4 Nf7 21. Nf3 h6 22. b3 Kh7 23. Nb2 Ne5 24. Nxe5 Bxe5 25. g4 Bg3 26. Rf1 Rxf1+ 27. Bxf1 Bh4 28. Nd3 Rb6 29. e5 Qf8 30. e6 Bxe6 31. dxe6 Nxe6 32. Be3 Qf3 33. Qe2 Qg3+ 34. Bg2 Nd4 35. Bxd4 cxd4 36. Qf3 Qxf3 37. Bxf3 e5 38. Be4 Be7 39. Bd5 Kg7 40. b4 Kf6 41. Kg2 Bf8 42. Ra2 Ke7 43. Rf2 a5 44. bxa5 Rb3 45. a6 Rxd3 46. a7 1-0

[Event "CZE-chT2E 2122"]
[Site "Czech Republic"]
[Date "2021.12.19"]
[Round "5.6"]
[White "Sojka, Ales"]
[Black "Travnicek, Petr"]
[Result "1/2-1/2"]
[WhiteElo "2118"]
[BlackElo "2125"]
[PlyCount "37"]
[EventDate "2021.10.17"]
[EventType "team-tourn"]
[EventRounds "11"]
[EventCountry "CZE"]
[SourceTitle "EXT 2024"]
[Source "ChessBase"]
[SourceDate "2023.10.10"]
[SourceVersion "1"]
[SourceVersionDate "2023.10.10"]
[SourceQuality "1"]
[WhiteTeam "Kromeriz Slavia II"]
[BlackTeam "Prusanky Podluzan"]
[WhiteTeamCountry "CZE"]
[BlackTeamCountry "CZE"]

1. e4 c5 2. d4 cxd4 3. c3 dxc3 4. Nxc3 Nc6 5. Bc4 d6 6. Nf3 Nf6 7. 0-0 e6 8. Qe2 a6 9. Rd1 b5 10. Bb3 Qc7 11. Bg5 Be7 12. Rac1 Qb7 13. Nd5 exd5 14. Bxf6 Bxf6 15. Rxc6 Qe7 16. Rdc1 0-0 17. Bxd5 Bd7 18. Rc7 Rac8 19. h3 1/2-1/2

[Event "SVK-chT2A 1920"]
[Site "Slovakia"]
[Date "2020.03.08"]
[Round "11.2"]
[White "Jablonicky, Martin"]
[Black "Travnicek, Petr"]
[Result "1-0"]
[WhiteElo "2273"]
[BlackElo "2144"]
[PlyCount "63"]
[EventDate "2019.10.26"]
[EventType "team-tourn"]
[EventRounds "11"]
[EventCountry "SVK"]
[SourceTitle "CBM 195 Extra"]
[Source "ChessBase"]
[SourceDate "2020.05.31"]
[SourceVersion "1"]
[SourceVersionDate "2020.05.31"]
[SourceQuality "1"]
[WhiteTeam "Trnava Sered"]
[BlackTeam "Gbely Nafta"]
[WhiteTeamCountry "SVK"]
[BlackTeamCountry "SVK"]

1. e4 c5 2. Nf3 Nc6 3. Nc3 Nf6 4. d4 cxd4 5. Nxd4 e5 6. Ndb5 d6 7. Bg5 a6 8. Na3 b5 9. Nd5 Qa5+ 10. c3 Nxd5 11. exd5 Ne7 12. Nc2 h6 13. Bxe7 Bxe7 14. a4 bxa4 15. Nb4 Bd7 16. Nc6 Qb6 17. Qxa4 Qxb2 18. Bd3 Qxc3+ 19. Ke2 Bg5 20. Ra2 0-0 21. Rc2 Bxc6 22. dxc6 Qd4 23. Qxd4 exd4 24. c7 Rfe8+ 25. Kf3 g6 26. h4 Bf6 27. Be4 d5 28. Bxd5 Rac8 29. Bb7 Be5 30. Bxc8 Rxc8 31. Ke4 Bxc7 32. Kd3 1-0

[Event "SVK-chT2A 1819"]
[Site "Slovakia"]
[Date "2018.12.15"]
[Round "5.6"]
[White "Travnicek, Petr"]
[Black "Gzib, David"]
[Result "1/2-1/2"]
[WhiteElo "2114"]
[BlackElo "2096"]
[PlyCount "84"]
[EventDate "2018.10.13"]
[EventType "team-tourn"]
[EventRounds "11"]
[EventCountry "SVK"]
[SourceTitle "CBM 189 Extra"]
[Source "ChessBase"]
[SourceDate "2019.06.03"]
[SourceVersion "1"]
[SourceVersionDate "2019.06.03"]
[SourceQuality "1"]
[WhiteTeam "Gbely Nafta"]
[BlackTeam "Osuske II"]
[WhiteTeamCountry "SVK"]
[BlackTeamCountry "SVK"]

1. d4 Nf6 2. c4 g6 3. Nc3 Bg7 4. e4 d6 5. f3 0-0 6. Be3 e5 7. d5 Nbd7 8. Bd3 a5 9. Nge2 Nc5 10. Bc2 Nh5 11. g4 Nf4 12. Nxf4 exf4 13. Bxf4 f5 14. gxf5 gxf5 15. Qd2 fxe4 16. 0-0-0 Qf6 17. Bg5 Qxf3 18. Rhg1 Qf2 19. Bh6 Qxd2+ 20. Rxd2 Rf1+ 21. Rd1 Rf7 22. Nxe4 Nxe4 23. Bxe4 Bd7 24. Rg5 Kh8 25. Bxg7+ Rxg7 26. Rxg7 Kxg7 27. Rg1+ Kh6 28. Kd2 Rf8 29. Ke3 Re8 30. Kd4 Rf8 31. Rg2 Rf4 32. Ke3 Rg4 33. Rxg4 Bxg4 34. a3 Kg7 35. b4 axb4 36. axb4 b6 37. c5 dxc5 38. bxc5 bxc5 39. Kd3 Kf6 40. Bxh7 Ke5 41. Bg8 Bf3 42. Kc4 Bxd5+ 1/2-1/2

[Event "CZE-chT2E 1819"]
[Site "Czech Republic"]
[Date "2018.11.18"]
[Round "3.5"]
[White "Travnicek, Petr"]
[Black "Senkyr, Martin"]
[Result "1/2-1/2"]
[WhiteElo "2104"]
[BlackElo "2103"]
[PlyCount "28"]
[EventDate "2018.10.14"]
[EventType "team-tourn"]
[EventRounds "11"]
[EventCountry "CZE"]
[SourceTitle "EXT 2022"]
[Source "ChessBase"]
[SourceDate "2021.10.06"]
[SourceVersion "1"]
[SourceVersionDate "2021.10.06"]
[SourceQuality "1"]
[WhiteTeam "Veseli nad Moravou"]
[BlackTeam "Zlin"]
[WhiteTeamCountry "CZE"]
[BlackTeamCountry "CZE"]

1. d4 Nf6 2. c4 e6 3. Nc3 Bb4 4. g3 0-0 5. Bg2 d5 6. Nf3 b6 7. 0-0 Bb7 8. Ne5 Nbd7 9. Bg5 Be7 10. cxd5 Nxd5 11. Bxe7 Qxe7 12. Nxd7 Qxd7 13. Nxd5 Bxd5 14. Bxd5 Qxd5 1/2-1/2

[Event "SVK-chT3A2 1718"]
[Site "Slovakia"]
[Date "2017.12.17"]
[Round "6.3"]
[White "Veselsky, Jozef"]
[Black "Travnicek, Petr"]
[Result "0-1"]
[WhiteElo "2125"]
[BlackElo "2102"]
[PlyCount "70"]
[EventDate "2017.10.08"]
[EventType "team-tourn"]
[EventRounds "11"]
[EventCountry "SVK"]
[SourceTitle "EXT 2020"]
[Source "ChessBase"]
[SourceDate "2019.10.17"]
[SourceVersion "1"]
[SourceVersionDate "2019.10.17"]
[SourceQuality "1"]
[WhiteTeam "Potonska Veza II"]
[BlackTeam "Gbely Nafta II"]
[WhiteTeamCountry "SVK"]
[BlackTeamCountry "SVK"]

1. d4 Nf6 2. Nf3 g6 3. c4 Bg7 4. Nc3 0-0 5. e4 d6 6. Be2 e5 7. dxe5 dxe5 8. Qxd8 Rxd8 9. Bg5 Re8 10. Nd5 Nxd5 11. cxd5 c6 12. Bc4 cxd5 13. Bxd5 Nd7 14. Rc1 h6 15. Bh4 g5 16. Bg3 Nf6 17. Bb3 Nxe4 18. Rc7 Be6 19. Bxe6 Rxe6 20. Rxb7 f5 21. h3 Nxg3 22. fxg3 e4 23. Nd2 Rb6 24. Rxb6 axb6 25. 0-0 Rxa2 26. Rxf5 e3 27. Nf3 Rxb2 28. Rd5 Rb1+ 29. Kh2 e2 30. Rd8+ Kf7 31. Rd7+ Kf8 32. Rb7 Be5 33. Rd7 Rb3 34. Rd8+ Ke7 35. Rd5 Bxg3+ 0-1

[Event "SVK-chT2A 1718"]
[Site "Slovakia"]
[Date "2017.11.25"]
[Round "3.5"]
[White "Zetocha, Adrian"]
[Black "Travnicek, Petr"]
[Result "1/2-1/2"]
[WhiteElo "2028"]
[BlackElo "2139"]
[PlyCount "125"]
[EventDate "2017.10.28"]
[EventType "team-tourn"]
[EventRounds "11"]
[EventCountry "SVK"]
[SourceTitle "EXT 2019"]
[Source "ChessBase"]
[SourceDate "2018.10.10"]
[SourceVersion "1"]
[SourceVersionDate "2018.10.10"]
[SourceQuality "1"]
[WhiteTeam "Bratislava Slovan V"]
[BlackTeam "Gbely Nafta"]
[WhiteTeamCountry "SVK"]
[BlackTeamCountry "SVK"]

1. d4 Nf6 2. c4 g6 3. Nc3 Bg7 4. Bg5 0-0 5. e3 c5 6. d5 d6 7. Bd3 Na6 8. Nf3 Nb4 9. Bb1 Bd7 10. 0-0 Rb8 11. a3 Na6 12. a4 Nb4 13. e4 Ng4 14. Qe2 Qe8 15. h3 Ne5 16. Nxe5 Bxe5 17. Bh6 Bg7 18. Bxg7 Kxg7 19. e5 e6 20. f4 exd5 21. cxd5 Qe7 22. Ba2 Rfe8 23. Rfe1 Bf5 24. Bb1 Bxb1 25. Raxb1 Qh4 26. Qd2 dxe5 27. fxe5 Qd4+ 28. Qxd4 cxd4 29. Nb5 Nxd5 30. Nxd4 Rbd8 31. Re4 Nc7 32. Rc1 Rd7 33. Kh2 Ne6 34. Nxe6+ Rxe6 35. b4 Rde7 36. Rc5 Kf8 37. Kg3 Ke8 38. Rd5 Rd7 39. Red4 Rxd5 40. Rxd5 Rc6 41. a5 Ke7 42. Rb5 b6 43. axb6 axb6 44. Kf3 Kd7 45. Ke4 Kc7 46. Rd5 Rc4+ 47. Rd4 Rc2 48. g3 Re2+ 49. Kd5 Re3 50. Rf4 Rd3+ 51. Ke4 Rd7 52. Rf6 Re7 53. h4 h5 54. b5 Kb7 55. e6 fxe6 56. Rxg6 Kc7 57. Rh6 Rg7 58. Rxh5 Rxg3 59. Ke5 Re3+ 60. Kf4 Rb3 61. Ke4 Kd6 62. Kd4 Rb4+ 63. Kc3 1/2-1/2

[Event "SVK-chT3A2 1516"]
[Site "Slovakia"]
[Date "2015.10.11"]
[Round "1.2"]
[White "Travnicek, Petr"]
[Black "Podjavorinsky, Michal"]
[Result "1-0"]
[WhiteElo "2090"]
[BlackElo "1819"]
[PlyCount "53"]
[EventDate "2015.10.11"]
[EventType "team-tourn"]
[EventRounds "11"]
[EventCountry "SVK"]
[SourceTitle "EXT 2020"]
[Source "ChessBase"]
[SourceDate "2019.10.17"]
[SourceVersion "1"]
[SourceVersionDate "2019.10.17"]
[SourceQuality "1"]
[WhiteTeam "Gbely Nafta"]
[BlackTeam "Vrbove"]
[WhiteTeamCountry "SVK"]
[BlackTeamCountry "SVK"]

1. d4 Nf6 2. c4 g6 3. Nc3 Bg7 4. e4 d6 5. f3 0-0 6. Be3 a6 7. Bd3 Nc6 8. Nge2 Nh5 9. g4 Nf6 10. Qd2 Nb4 11. 0-0-0 Nxd3+ 12. Qxd3 Rb8 13. h4 h5 14. gxh5 Nxh5 15. Rdg1 b5 16. Ng3 bxc4 17. Qxc4 Nxg3 18. Rxg3 c5 19. dxc5 Qa5 20. Rxg6 Be6 21. Rxe6 fxe6 22. Qxe6+ Kh8 23. Rg1 Rxb2 24. Bd4 Rf6 25. Bxf6 exf6 26. Qe8+ Kh7 27. Qg6+ 1-0

[Event "SVK-chT3A2 1415"]
[Site "Slovakia"]
[Date "2015.03.08"]
[Round "10.6"]
[White "Travnicek, Petr"]
[Black "Kapusta, Petr"]
[Result "1-0"]
[WhiteElo "2134"]
[BlackElo "2112"]
[PlyCount "115"]
[EventDate "2014.10.19"]
[EventType "team-tourn"]
[EventRounds "11"]
[EventCountry "SVK"]
[SourceTitle "EXT 2019"]
[Source "ChessBase"]
[SourceDate "2018.10.10"]
[SourceVersion "1"]
[SourceVersionDate "2018.10.10"]
[SourceQuality "1"]

1. d4 Nf6 2. c4 g6 3. Nc3 Bg7 4. e4 0-0 5. Be3 d6 6. f3 e5 7. d5 Nh5 8. Qd2 Qh4+ 9. g3 Nxg3 10. Qf2 Nxf1 11. Qxh4 Nxe3 12. Qf2 Nxc4 13. b3 Nb6 14. h4 h6 15. 0-0-0 Na6 16. Nh3 Nd7 17. h5 Ndc5 18. Qg3 Bxh3 19. Qxh3 Nb4 20. Qf1 a5 21. Qc4 b5 22. Nxb5 Nxa2+ 23. Kb2 Nb4 24. Rd2 Rab8 25. Ra1 f5 26. Rxa5 fxe4 27. fxe4 Nba6 28. Ka2 gxh5 29. b4 Nxe4 30. Qxe4 Rf4 31. Qe3 Nxb4+ 32. Kb3 c6 33. Qa7 Rbf8 34. Nxd6 Nxd5 35. Raxd5 cxd5 36. Rxd5 Rg4 37. Rb5 Rf3+ 38. Ka2 e4 39. Rb8+ Kh7 40. Rb2 e3 41. Re2 Rg1 42. Qe7 Ra1+ 43. Kb3 Rb1+ 44. Kc4 Rf4+ 45. Ne4 Rd1 46. Rxe3 Rf8 47. Nd6 Rd4+ 48. Kc5 Rf1 49. Rg3 Rc1+ 50. Kb5 Rb1+ 51. Kc6 Rc1+ 52. Kd7 Rg4 53. Rxg4 hxg4 54. Nf5 Rd1+ 55. Ke8 Kg6 56. Nxg7 h5 57. Qf7+ Kg5 58. Qxh5+ 1-0

[Event "SVK-chT3A2 1213"]
[Site "Slovakia"]
[Date "2013.03.24"]
[Round "11.4"]
[White "Travnicek, Petr"]
[Black "Kavon, Rastislav"]
[Result "1/2-1/2"]
[WhiteElo "2119"]
[BlackElo "1943"]
[PlyCount "125"]
[EventDate "2012.10.07"]
[EventType "team-tourn"]
[EventRounds "11"]
[EventCountry "SVK"]
[SourceTitle "EXT 2015"]
[Source "ChessBase"]
[SourceDate "2014.11.20"]
[SourceVersion "1"]
[SourceVersionDate "2014.11.20"]
[SourceQuality "1"]
[WhiteTeam "Gbely Nafta"]
[BlackTeam "Trnava Modranka"]
[WhiteTeamCountry "SVK"]
[BlackTeamCountry "SVK"]

1. d4 Nf6 2. c4 g6 3. Nc3 Bg7 4. e4 d6 5. f3 0-0 6. Be3 e5 7. d5 Nh5 8. Qd2 f5 9. 0-0-0 f4 10. Bf2 Nd7 11. Kb1 Rf7 12. Bd3 Bf8 13. Nge2 Nc5 14. Bc2 Kh8 15. Nc1 Bd7 16. b4 Na6 17. Nd3 Qe8 18. Rc1 c6 19. Bb3 c5 20. b5 Nc7 21. Kb2 b6 22. a4 Rb8 23. Ra1 g5 24. g4 Ng7 25. h4 Be7 26. hxg5 Bxg5 27. Bh4 Qe7 28. Qf2 Rg8 29. Ne2 Nge8 30. Bc2 Kg7 31. Bxg5 Qxg5 32. Rh5 Qe7 33. Rah1 Kf8 34. Qh2 Rgg7 35. Rg1 Nf6 36. Rh4 Rg5 37. Nf2 Ke8 38. Nh3 Rgg7 39. g5 Ng8 40. Kb3 Kd8 41. Rh5 Kc8 42. Nf2 Kb7 43. Bd3 Rg6 44. Nc3 Rfg7 45. Bf1 Rxg5 46. Rgxg5 Rxg5 47. Rxh7 Rg7 48. Rxg7 Qxg7 49. Ncd1 Ne8 50. Bh3 Bxh3 51. Qxh3 Ngf6 52. Kc2 Qh7 53. Kd2 Qxh3 54. Nxh3 Nh7 55. Ndf2 Nef6 56. Ke2 a5 57. Ng4 Kc7 58. Nh6 Kd7 59. Kf2 Nh5 60. Nf5 N7f6 61. Kg2 Kc7 62. Ng7 Kd7 63. Ne6 1/2-1/2

[Event "SVK-chT3A2 1213"]
[Site "Slovakia"]
[Date "2013.03.10"]
[Round "10.3"]
[White "Sebesta, Radovan"]
[Black "Travnicek, Petr"]
[Result "0-1"]
[WhiteElo "2061"]
[BlackElo "2119"]
[PlyCount "72"]
[EventDate "2012.10.07"]
[EventType "team-tourn"]
[EventRounds "11"]
[EventCountry "SVK"]
[SourceTitle "EXT 2015"]
[Source "ChessBase"]
[SourceDate "2014.11.20"]
[SourceVersion "1"]
[SourceVersionDate "2014.11.20"]
[SourceQuality "1"]
[WhiteTeam "Senica SK"]
[BlackTeam "Gbely Nafta"]
[WhiteTeamCountry "SVK"]
[BlackTeamCountry "SVK"]

1. d4 Nf6 2. c4 g6 3. Nc3 Bg7 4. e4 d6 5. f3 Nc6 6. Be3 a6 7. Qd2 Rb8 8. Bd3 e5 9. d5 Nd4 10. Nge2 Nd7 11. 0-0 0-0 12. Rad1 f5 13. exf5 Nxf5 14. Bf2 Bh6 15. Qc2 Ne3 16. Bxe3 Bxe3+ 17. Kh1 Qh4 18. Ne4 Nf6 19. Nxf6+ Rxf6 20. Rde1 g5 21. g3 Qh5 22. Nc3 Bd4 23. g4 Qh4 24. Qg2 h5 25. Ne4 Rh6 26. gxh5 Bh3 27. Qxg5+ Qxg5 28. Nxg5 Bxf1 29. Bxf1 Rf8 30. Bg2 Rxh5 31. Ne4 Kf7 32. Re2 Ke7 33. b3 c6 34. dxc6 bxc6 35. Ng3 Rg5 36. f4 Rxg3 0-1

[Event "CZE-chT2E 1213"]
[Site "Czech Republic"]
[Date "2013.02.17"]
[Round "9.4"]
[White "Travnicek, Petr"]
[Black "Uhmann, Jan"]
[Result "1-0"]
[WhiteElo "2119"]
[BlackElo "2147"]
[PlyCount "51"]
[EventDate "2012.10.14"]
[EventType "team-tourn"]
[EventRounds "11"]
[EventCountry "CZE"]
[SourceTitle "EXT 2016"]
[Source "ChessBase"]
[SourceDate "2015.10.08"]
[SourceVersion "1"]
[SourceVersionDate "2015.10.08"]
[SourceQuality "1"]
[WhiteTeam "Prusanky Podluzan"]
[BlackTeam "Hustopece"]
[WhiteTeamCountry "CZE"]
[BlackTeamCountry "CZE"]

1. d4 d5 2. c4 e6 3. Nc3 Nf6 4. Bg5 Be7 5. e3 Nbd7 6. Nf3 0-0 7. Qc2 b6 8. cxd5 exd5 9. Bd3 Bb7 10. 0-0 c5 11. Rad1 a6 12. Bf5 c4 13. Ne5 g6 14. Bh3 Re8 15. f4 Nf8 16. f5 N6d7 17. Nxf7 Kxf7 18. fxg6+ Kg7 19. Rf7+ Kg8 20. gxh7+ Kh8 21. Bh6 Bf6 22. Bxd7 Qxd7 23. Rxd7 Nxd7 24. Rf1 Re7 25. Qg6 Bg7 26. Bg5 1-0

[Event "CZE-chT2D 1213"]
[Site "Czech Republic"]
[Date "2013.02.03"]
[Round "8.7"]
[White "Prax, Ivo"]
[Black "Travnicek, Petr"]
[Result "1-0"]
[WhiteElo "1916"]
[BlackElo "2138"]
[PlyCount "107"]
[EventDate "2012.10.14"]
[EventType "team-tourn"]
[EventRounds "11"]
[EventCountry "CZE"]
[SourceTitle "EXT 2016"]
[Source "ChessBase"]
[SourceDate "2015.10.08"]
[SourceVersion "1"]
[SourceVersionDate "2015.10.08"]
[SourceQuality "1"]
[WhiteTeam "Ceska Trebova"]
[BlackTeam "Olomouc Garde"]
[WhiteTeamCountry "CZE"]
[BlackTeamCountry "CZE"]

1. d4 d5 2. c4 c6 3. Nf3 Nf6 4. Nc3 e6 5. Bg5 Be7 6. e3 Nbd7 7. Be2 a6 8. 0-0 0-0 9. Qc2 dxc4 10. Bxc4 b5 11. Be2 Bb7 12. Rfd1 h6 13. Bh4 Rc8 14. Rac1 c5 15. dxc5 Rxc5 16. b4 Rc8 17. Qb2 Qe8 18. a4 bxa4 19. Nxa4 Rxc1 20. Rxc1 Nd5 21. Bxe7 Qxe7 22. Nc5 N7b6 23. Bxa6 Ba8 24. Be2 Rc8 25. Nd2 Qh4 26. Nc4 Qg5 27. Ne4 Qe7 28. Nxb6 Rxc1+ 29. Qxc1 Nxb6 30. Nc5 Qg5 31. Bf1 Qd5 32. Qc2 e5 33. Qd3 Qxd3 34. Bxd3 Kf8 35. Be4 Bxe4 36. Nxe4 Ke7 37. Kf1 f5 38. Nc3 Kd6 39. Ke2 g5 40. e4 fxe4 41. Ke3 Nc4+ 42. Kxe4 Ke6 43. Ne2 Nd6+ 44. Kd3 Kd5 45. Nc3+ Kc6 46. Ne4 Nb5 47. Nf6 Nd6 48. Ng4 Kd5 49. Nxh6 e4+ 50. Ke3 Nc4+ 51. Ke2 Ne5 52. b5 Nc4 53. Nf7 g4 54. Nh6 1-0

[Event "CZE-chT2D 1213"]
[Site "Czech Republic"]
[Date "2013.01.20"]
[Round "7.6"]
[White "Mares, Petr"]
[Black "Travnicek, Petr"]
[Result "0-1"]
[WhiteElo "1988"]
[BlackElo "2138"]
[PlyCount "92"]
[EventDate "2012.10.14"]
[EventType "team-tourn"]
[EventRounds "11"]
[EventCountry "CZE"]
[SourceTitle "EXT 2016"]
[Source "ChessBase"]
[SourceDate "2015.10.08"]
[SourceVersion "1"]
[SourceVersionDate "2015.10.08"]
[SourceQuality "1"]
[WhiteTeam "Usti nad Orlici"]
[BlackTeam "Olomouc Garde"]
[WhiteTeamCountry "CZE"]
[BlackTeamCountry "CZE"]

1. Nf3 d5 2. g3 Nf6 3. Bg2 Bf5 4. d3 e6 5. 0-0 Be7 6. Nbd2 h6 7. c4 c6 8. a3 a5 9. b3 0-0 10. Bb2 Nbd7 11. Qc2 Bh7 12. Ne5 Bd6 13. Nxd7 Nxd7 14. e4 Rc8 15. f4 Be7 16. Qc3 d4 17. Qc2 e5 18. Nf3 exf4 19. gxf4 c5 20. Qe2 Rc6 21. Kh1 Rb6 22. Nd2 a4 23. b4 cxb4 24. axb4 Bxb4 25. Bxd4 Rd6 26. Nf3 Bc5 27. Bc3 Nb6 28. d4 Bxd4 29. Nxd4 Rxd4 30. Bxd4 Qxd4 31. Rfd1 Qxc4 32. Qxc4 Nxc4 33. Rd4 b5 34. Bf1 Ne3 35. Bd3 Bg6 36. Kg1 Rc8 37. f5 Bh5 38. Kf2 Ng4+ 39. Kg3 Ne5 40. Bxb5 Rc3+ 41. Kf4 f6 42. Rf1 a3 43. Rd8+ Kf7 44. Ra8 g5+ 45. fxg6+ Nxg6+ 46. Kf5 Rc5+ 0-1